Poesía anónima africana / (Record no. 120286)

MARC details
000 -LEADER
campo de control de longitud fija 00491nam a2200157 4500
001 - NÚMERO DE CONTROL
campo de control 120286
003 - IDENTIFICADOR DE NÚMERO DE CONTROL
campo de control ES-MaACL
005 - FECHA Y HORA DE LA ÚLTIMA TRANSACCIÓN
campo de control 20230906191517.0
007 - CAMPO FIJO DE DESCRIPCIÓN FÍSICA--INFORMACIÓN GENERAL
campo de control de longitud fija t|
008 - DATOS DE LONGITUD FIJA--INFORMACIÓN GENERAL
campo de control de longitud fija 070214s1971 sp r ||||1| spa d
245 00 - MENCIÓN DEL TÍTULO
Título Poesía anónima africana /
Mención de responsabilidad, etc. Selección, traducción, y prólogo de Rogelio Martínez Fivee.
260 ## - PUBLICACIÓN, DISTRIBUCIÓN, ETC.
Lugar de publicación, distribución, etc. Madrid :
Nombre del editor, distribuidor, etc. Miguel Castellote,
Fecha de publicación, distribución, etc. 1971.
300 ## - DESCRIPCIÓN FÍSICA
Extensión XVII, 227 p. ;
Dimensiones 17 cm.
700 1# - ENTRADA AGREGADA--NOMBRE PERSONAL
Nombre de persona Martínez Fivee, Rogelio.
9 (RLIN) 78088
852 ## - LOCALIZACIÓN
Ubicación ES-MaACL
Número de control de estantería C-40482
Sublocalización o colección R.77707
Holdings
Estatus retirado Estado de pérdida Estado de daño No para préstamo Biblioteca de origen Biblioteca actual Ubicación en estantería Fecha de adquisición Fuente de adquisición Total de préstamos Signatura topográfica completa Código de barras Visto por última vez Precio de reemplazo Tipo de ítem Koha
        Biblioteca del Ateneo de Madrid Biblioteca del Ateneo de Madrid Depósito 2 17/01/2008     C-40482 1125375 23/02/2023 23/02/2023 Libro impreso